00996nam a22002411 450000100060000000300080000600500170001400800410003103500190007204000320009104100080012308200250013124501150015626000570027130000290032865000300035770000410038770000250042894200120045399900170046595201340048295201380061634384BD-RjUL20211209052142.0140517r19611957ilua 000 0 eng d a(BD-RjUL)34478 aDLCcDLCdDLCdBD-RjULbeng aeng00a307.76221bCIT 196110aCities and society :bthe revised Reader in urban sociology /cEdited by Paul K. Hatt and Albert J. Reiss, Jr. aGlencoe, Ill. :bFree Press,cc1957 [Reprinted 1961] a852 p. :bill. ;c24 cm. 0aSociology, Urban.91045591 aReiss, Albert J.,ejoint ed.91031831 aHatt, Paul K.,97828 2ddccBK c34384d34384 00102ddc4071aRUCLbRUCLcReadingd1963-02-16eZeitlingerg56.00l0o307.76 CIT 1961r2014-05-17 00:00:00tC-1w2014-05-17yBK 00102ddc40708NFICaRUCLbRUCLcStackd1967-11-27eZeitlingerg63.00l0o307.76 CIT 1964r2014-05-17 00:00:00tC-2w2014-05-17yBK